Snow-Moha La Squale - Statistiques

Statistiques générales
  • Ce quiz a été pris 21 fois
  • Le résultat moyen est 143 sur 272
Statistiques - réponses
Réponse % Correct
Bendero
93%
bendero
93%
a
86%
dans
86%
de
86%
les
86%
pris
86%
Snow
86%
snow
86%
ce
79%
ce
79%
piges
79%
vingt
79%
ça
71%
c'est
71%
il
71%
pas
71%
se
71%
ta
71%
c'était
64%
d'été
64%
détenu
64%
en
64%
fait
64%
je
64%
64%
la
64%
l'co
64%
possible
64%
sa
64%
et
57%
son
57%
t'as
57%
y
57%
avait
50%
bac
50%
bleus
50%
deux
50%
entre
50%
gros
50%
mais
50%
ouais
50%
pour
50%
pro
50%
sérieux
50%
serré
50%
soir
50%
sous
50%
toi
50%
tu
50%
un
50%
visé
50%
yeux
50%
zéro
50%
battu
43%
comme
43%
ils
43%
finir
43%
ils
43%
jamais
43%
l'samu
43%
lui
43%
parle
43%
prêt
43%
qui
43%
saint
43%
s'est
43%
sinistre
43%
situe
43%
sont
43%
une
43%
vendu
43%
appris
36%
balle
36%
est
36%
était
36%
j'ai
36%
j'dis
36%
j'l'ai
36%
j't'ai
36%
j'te
36%
l'placard
36%
moi
36%
n'avait
36%
placard
36%
poucave
36%
sais
36%
sirop
36%
tes
36%
t'étais
36%
tête
36%
ti
36%
ton
36%
va
36%
vie
36%
vi-ser
36%
volé
36%
voulu
36%
vu
36%
zen
36%
zone
36%
zonz
36%
au
29%
bougé
29%
chicots
29%
d'prix
29%
d'pure
29%
d'quitter
29%
d'sottises
29%
d'vant
29%
jure
29%
n'avais
29%
panka
29%
parti
29%
perdu
29%
qu'a
29%
qu'c'était
29%
réussite
29%
rêvait
29%
satan
29%
sauter
29%
sauvé
29%
serein
29%
sirènes
29%
t'battais
29%
tout
29%
vont
29%
vue
29%
aucun
21%
cernés
21%
l'as
21%
même
21%
pété
21%
savait
21%
t'ont
21%
t'piquer
21%
ce-vi
14%
connais
14%
peket
14%
Aucun quiz correspondant
Distribution des résultats
% des personnes avec chaque résultat
Percentile par nombre de réponses
Votre historique - résultats
Vous n’avez pas pris ce quiz